|
|
|
|
| LEADER |
00000nam0a2200000 4500 |
| 001 |
357847 |
| 005 |
20231102011031.0 |
| 035 |
|
|
|a (RuTPU)RU\TPU\retro\15115
|
| 035 |
|
|
|a RU\TPU\book\344708
|
| 090 |
|
|
|a 357847
|
| 100 |
|
|
|a 20160523d1885 m y0rusy50 ca
|
| 101 |
0 |
|
|a rus
|
| 102 |
|
|
|a RU
|
| 105 |
|
|
|a af j 000zy
|
| 200 |
1 |
|
|a Руководство к теоретической оптике
|h Вып. 1
|f Г. Н. Шебуев
|
| 210 |
|
|
|a Казань
|c Типография Императорского Казанского Университета
|d 1885
|
| 215 |
|
|
|a 248 с.
|c ил.
|
| 300 |
|
|
|a Текст в русской дореформенной орфографии
|
| 316 |
|
|
|5 63413507: 2//238
|a На титульном листе надпись: "От Ст. А. Жбиковского в дар"
|
| 316 |
|
|
|5 63413507: 2//238
|a На обложке дарственная надпись: "Многоуважаемому Антонию Ксаверьевичу Жбиковскому от автора"
|
| 317 |
|
|
|5 63413507: 2//238
|a Поступил в НТБ в 1910 г. в дар от сына А. К. Жбиковского преподавателя ТТИ С. А. Жбиковского
|
| 606 |
1 |
|
|a Оптика теоретическая
|2 stltpush
|3 (RuTPU)RU\TPU\subj\47155
|9 66215
|
| 610 |
1 |
|
|a физика
|
| 610 |
1 |
|
|a упругость
|
| 610 |
1 |
|
|a колебания
|
| 610 |
1 |
|
|a упругие среды
|
| 610 |
1 |
|
|a кинематика
|
| 610 |
1 |
|
|a изотропность
|
| 610 |
1 |
|
|a сотрясения
|
| 610 |
1 |
|
|a свет
|
| 610 |
1 |
|
|a распространение
|
| 610 |
1 |
|
|a дифракция
|
| 610 |
1 |
|
|a законы
|
| 610 |
1 |
|
|a отражение
|
| 610 |
1 |
|
|a преломление
|
| 610 |
1 |
|
|a кристаллические среды
|
| 610 |
1 |
|
|a учебные руководства
|
| 610 |
1 |
|
|a Коллекция А. К. Жбиковского
|
| 610 |
1 |
|
|a дарственные надписи
|
| 610 |
1 |
|
|a дары библиотеке
|
| 610 |
1 |
|
|a дары автора
|
| 675 |
|
|
|a 535(075.8)
|v 4
|
| 700 |
|
1 |
|a Шебуев
|b Г. Н.
|
| 801 |
|
1 |
|a RU
|b 63413507
|c 20200811
|
| 801 |
|
2 |
|a RU
|b 63413507
|c 20210608
|g RCR
|
| 942 |
|
|
|c BK
|